Electrochemical behavior of quercetin on boron-doped diamond electrode in different supporting electrolytes

Quercetin is one of the most abundant flavonoid compounds with a broad spectrum of health beneficial properties. In this study electrochemical behavior of quercetin on boron-doped diamond electrode as a working electrode was investigated in different supporting electrolytes. Experiments embraced 0.1...

Teljes leírás

Elmentve itt :
Bibliográfiai részletek
Szerzők: Đurović Ana
Stojanović Zorica
Kravić Snežana
Suturović Zvonimir
Richtera Lukas
Brezo-Borjan Tanja
Testületi szerző: International Symposium on Analytical and Environmental Problems (25.) (2019) (Szeged)
Dokumentumtípus: Könyv része
Megjelent: 2019
Sorozat:Proceedings of the International Symposium on Analytical and Environmental Problems
Kulcsszavak:Elektrokémia, Elektrolitok
Online Access:http://acta.bibl.u-szeged.hu/64800
LEADER 02393naa a2200265 i 4500
001 acta64800
005 20260224081030.0
008 200318s2019 hu o 100 eng d
020 |a 978-963-306-702-4 
040 |a SZTE Egyetemi Kiadványok Repozitórium  |b hun 
041 |a eng 
100 1 |a Đurović Ana 
245 1 0 |a Electrochemical behavior of quercetin on boron-doped diamond electrode in different supporting electrolytes  |h [elektronikus dokumentum] /  |c  Đurović Ana 
260 |c 2019 
300 |a 124-127 
490 0 |a Proceedings of the International Symposium on Analytical and Environmental Problems 
520 3 |a Quercetin is one of the most abundant flavonoid compounds with a broad spectrum of health beneficial properties. In this study electrochemical behavior of quercetin on boron-doped diamond electrode as a working electrode was investigated in different supporting electrolytes. Experiments embraced 0.1 mol/L acetate buffer, citrate buffer, phosphate buffer, 0.04 mol/L Britton-Robinson buffer and 0.05 mol/L solution of HCl, while studied quercetin concentration were in the range from 2 mg/L to 30 mg/L. Voltammograms recorded in different supporting electrolytes revealed one sharp and well-defined oxidation peak of quercetin at the potential of about +0.70 V, and it was chosen for quantification of quercetin, although in some buffers one additional protracted peak was observed. In comparison to differential pulse voltammetry, square-wave voltammetry showed higher sensitivity, so this technique could be more suitable for further development. Even though high values of correlation coefficients (> 0.9900) were obtained for all studied supporting electrolytes, the best results in terms of sensitivity were observed for citrate and Britton-Robinson buffers. These preliminary results demonstrated that boron-doped diamond electrode can be used as a sensitive sensor for precise determination of quercetin in real samples. 
695 |a Elektrokémia, Elektrolitok 
700 0 1 |a Stojanović Zorica  |e aut 
700 0 1 |a Kravić Snežana  |e aut 
700 0 1 |a Suturović Zvonimir  |e aut 
700 0 1 |a Richtera Lukas  |e aut 
700 0 2 |a Brezo-Borjan Tanja  |e aut 
710 |a International Symposium on Analytical and Environmental Problems (25.) (2019) (Szeged) 
856 4 0 |u http://acta.bibl.u-szeged.hu/64800/1/proceedings_of_isaep_2019_124-127.pdf  |z Dokumentum-elérés